Tři muži ve člunu : (o psu nemluvě) /
Rozmarný příběh tří přátel, kteří se vypraví společně na několikadenní dovolenou na řece Temži, patří ke klasickým dílům světové humoristické literatury.
Uloženo v:
| Série: | Tři muži,
část 1 |
|---|---|
| Hlavní autor: | |
| Další autoři: | |
| Médium: | E-kniha |
| Jazyk: | Czech |
| Vydáno: |
Praha :
Dobrovský s.r.o.,
2023
|
| Edice: | 1400
|
| Témata: | |
| Příbuzné jednotky: | Z cyklu::
Tři muži |
| Tagy: |
Žádné tagy |
| LEADER | 02434nam a2200469 i 4500 | ||
|---|---|---|---|
| 001 | 312674 | ||
| 003 | CZ PrSKC | ||
| 005 | 20260601215726.0 | ||
| 007 | ta | ||
| 008 | 230209s2023 xr g 000 f cze | ||
| 015 | |a cnb003500293 | ||
| 020 | |a 9788027710331 |q (vázáno) | ||
| 035 | |a (OCoLC)1375349473 | ||
| 040 | |a ABG001 |b cze |e rda | ||
| 041 | 1 | |a cze |h eng | |
| 072 | 7 | |a 821.111-3 |x Anglická próza, anglicky psaná |2 Konspekt | |
| 080 | |a 821.111-31 |2 MRF | ||
| 080 | |a (0:82-311.5) |2 MRF | ||
| 100 | 1 | |a Jerome, Jerome K. |q (Jerome Klapka), |d 1859-1927 |7 jn19981001562 |4 aut | |
| 240 | 1 | 0 | |a Three men in a boat. |l Česky |7 aun2008438832 |
| 245 | 1 | 0 | |a Tři muži ve člunu : |b (o psu nemluvě) / |c Jerome Klapka Jerome ; přeložil Milan Žáček |
| 246 | 3 | 0 | |a Tři muži ve člunu (o psu nemluvě) |
| 264 | 1 | |a Praha : |b Dobrovský s.r.o., |c 2023 | |
| 300 | |a 229 stran ; |c 21 cm | ||
| 336 | |a text |b txt |2 rdacontent | ||
| 337 | |a bez média |b n |2 rdamedia | ||
| 338 | |a svazek |b nc |2 rdacarrier | ||
| 490 | 1 | |a 1400 | |
| 500 | |a Přeloženo z angličtiny | ||
| 520 | 2 | |a Rozmarný příběh tří přátel, kteří se vypraví společně na několikadenní dovolenou na řece Temži, patří ke klasickým dílům světové humoristické literatury. |b Vyprávění je pestrou směsicí příhod a událostí, které aktéry po dobu svérázné výpravy potkávají na palubě jejich pramice i v rázovitých pobřežních hospůdkách. Autor je charakteristický klidným, suchým anglickým humorem, s jehož pomocí odhaluje s laskavým porozuměním lidské slabosti, zlozvyky a návyky a velebí přátelskou solidaritu a touhu po dobrodružství. | |
| 655 | 7 | |a anglické romány |7 fd131814 |2 czenas | |
| 655 | 7 | |a humoristické romány |7 fd132431 |2 czenas | |
| 655 | 9 | |a English fiction |2 eczenas | |
| 655 | 9 | |a humorous novels |2 eczenas | |
| 700 | 1 | |a Žáček, Milan, |d 1974- |7 mzk2003183726 |4 trl | |
| 787 | 0 | 8 | |i Z cyklu: |t Tři muži |g 1 |
| 830 | 0 | |a 1400 | |
| 900 | |a ABA001 |b 20 | ||
| 044 | |a xr | ||
| 910 | |a RBIT002 | ||
| 998 | |d 417892 |a https://core.palmknihy.cz/api/books/417892/cover?std802 |b https://core.palmknihy.cz/api/books/417892/cover/400?std802 |c https://core.palmknihy.cz/api/books/417892/cover/50?std802 |e |g 232 |i 9788027710331 |j https://core.palmknihy.cz/api/books/417892/preview.epub |k https://core.palmknihy.cz/api/books/417892/preview.pdf |l |q 49 |r 1 |s https://www.palmknihy.cz/kniha/417892 |t ebook |y 2023 |z 0 | ||
| 999 | |d 312672 | ||